000 00831nam a2200241 a 4500
001 000026074
005 20240412074252.0
008 091102s1992 dr r 000 d spa d
040 _aDO-SdBNP
_bspa
_cBNPHU
082 _aRD862.44
_bR918t, 1992
100 1 _aRueda, Manuel
_919958
245 1 3 _aLa trinitaria blanca :
_bteatro /
_cManuel Rueda ; prólogo Juan González-Chamorro.
250 _a2a ed.
260 _aSanto Domingo :
_bLibrería La Trinitaria,
_c1992
_fEditora de Colores
300 _a119 p. ;
_c21 cm.
500 _aIncluye notas al pie de las páginas
590 _aInventariado, 2019 / DG
650 0 _aDrama dominicano
_928197
650 0 _aTeatro dominicano
_9637
650 0 _aLiteratura dominicana.
_967
700 1 2 _aGonzalez-Chamorro, Juan,
_epról.
_928198
910 _aValidado. Control de calidad. MFF
999 _c25566
_d25566